The Ultimate United Nations Quiz Stats

 Plays Quiz not verified by Sporcle

Challenge
Share
Tweet
Embed
Score 0/56 Timer 07:00
0 Plays Today
Question/Hint Answer % Correct
Official LanguageEnglish
93.4%
Official LanguageFrench
90.5%
Official LanguageSpanish
90%
Permanent Member of Security Council (has veto power)Russia
90%
Official LanguageChinese
88.9%
Permanent Member of Security Council (has veto power)United States
88.4%
Top 5 donator to UN budgetUnited States
88.4%
Permanent Member of Security Council (has veto power)United Kingdom
86.8%
Color of FlagBlue
86.6%
Permanent Member of Security Council (has veto power)France
86.1%
Top 5 donator to UN budgetFrance
86.1%
Color of FlagWhite
85.5%
Top 5 donator to UN budgetUnited Kingdom
85.3%
Permanent Member of Security Council (has veto power)China
84.7%
HeadquartersNew York CIty, NY
83.9%
Official LanguageRussian
79.2%
Official LanguageArabic
78.7%
Controversial non-member: This country is considered by the UN to be a province of the People's Republic of ChinaTaiwan
76.3%
Year of Origin1945
74.7%
Controversial non-member: This country is considered to be a province of the Republic of SerbiaKosovo
70.8%
Former name(derived from):League of Nations
70.5%
Top 5 donator to UN budgetJapan
69.2%
Number of member states192
68.7%
Top 5 donator to UN budgetGermany
63.4%
Secretary-GeneralBan Ki-moon
63.2%
The principal body for deciding issues of peace and securitySecurity Council
58.2%
WHOWorld Health Organization
55.8%
Non-member observer stateHoly See
53.4%
Question/Hint Answer % Correct
For the next six questions guess the name of each of the five main bodies from the hint given: The main deliberative body that consists of member countries. This body appoints the General Assembly
53.4%
IMFInternational Monetary Fund
51.6%
The principal body in charge of judicial matters:International Court of Justice
47.1%
Newest member stateMontenegro
42.4%
Controversial non-member: This state has permanent obserever status however is unable to vote on resolutions Palestine
41.1%
The principal body that is responsible for economic, social, and development issues. This body also oversees the 'related work of 14 UN specialized agencies'Economic and Social Council (ECOSOC)
39.7%
What position is the head of the Secretariat? (hint: not a name)Secretary-General
39.7%
WBWorld Bank
39.7%
This principal body carries out the 'day to day' work of the UN, with a focus on research, studies, and other activities that help tend to the functionality and operation of the UNSecretariat
37.9%
IAEAInternational Atomic Energy Agency
36.3%
ILOInternational Labour Organization
30.3%
WFPWorld Food Programme
28.4%
Guess the UN specialized agency based on the acronym: FAOFood and Agriculture Organization
27.1%
First Elected Secretary-GeneralTrygve Halvdan Lie
23.9%
This principal body was in charge of overseeing the interests of non-self-governing territories, however is currently inactive as of 1994United Nations Trusteeship Council
22.1%
The largest Intergovermental Organization of developing countires in the UN, with an emphasis on promoting the economic interests of the Global South Group of 77
21.3%
UNESCOUnited Nations Educational, Scientific and Cultural Organization
20%
IMOInternational Maritime Organization
19.2%
ICAOInternational Civil Aviation Organization
18.7%
UPUUniversal Postal Union
15.3%
WIPOWorld Intellectual Property Organization
13.9%
IFADInternational Fund for Agricultural Development
13.4%
UNIDOUnited Nations Industrial Development Organization
13.4%
ITUInternational Telecommunication Union
12.1%
UNWTOWorld Tourism Organization
12.1%
WMOWorld Meteorological Organization
10.8%
President of the International Court of JusticeHisashi Owada
10.5%
President of the UN General AssemblyAli Abdussalam Treki
8.9%

You're not logged in!

Compare scores with friends on all Sporcle quizzes.
OR
Log In

You Might Also Like...

Show Comments

Extras

Created Aug 6, 2010SourceReportNominate

Top Quizzes Today


Score Distribution

Your Account Isn't Verified!

In order to create a playlist on Sporcle, you need to verify the email address you used during registration. Go to your Sporcle Settings to finish the process.

Report this User

Report this user for behavior that violates our Community Guidelines.

Details: